Europeanization and National Politics / (Record no. 15078)
[ view plain ]
| 000 -LEADER | |
|---|---|
| fixed length control field | 01428cam a2200349 a 4500 |
| 001 - CONTROL NUMBER | |
| control field | 16339513 |
| 005 - DATE AND TIME OF LATEST TRANSACTION | |
| control field | 20110106072553.0 |
| 008 - FIXED-LENGTH DATA ELEMENTS--GENERAL INFORMATION | |
| fixed length control field | 100719s2010 enka b 001 0 eng |
| 010 ## - LIBRARY OF CONGRESS CONTROL NUMBER | |
| LC control number | 2010293366 |
| 015 ## - NATIONAL BIBLIOGRAPHY NUMBER | |
| National bibliography number | GBA9B6120 |
| Source | bnb |
| 016 7# - NATIONAL BIBLIOGRAPHIC AGENCY CONTROL NUMBER | |
| Record control number | 015433352 |
| Source | Uk |
| 020 ## - INTERNATIONAL STANDARD BOOK NUMBER | |
| International Standard Book Number | 1403918759 (pbk.) |
| 020 ## - INTERNATIONAL STANDARD BOOK NUMBER | |
| International Standard Book Number | 9781403918758 (pbk.) |
| 035 ## - SYSTEM CONTROL NUMBER | |
| System control number | (OCoLC)ocn464586306 |
| 040 ## - CATALOGING SOURCE | |
| Original cataloging agency | UKM |
| Transcribing agency | UKM |
| Modifying agency | BTCTA |
| -- | YDXCP |
| -- | BWKUK |
| -- | BWK |
| -- | BWX |
| -- | NDD |
| -- | EUM |
| -- | GEBAY |
| -- | DLC |
| 042 ## - AUTHENTICATION CODE | |
| Authentication code | ukblcatcopy |
| -- | lccopycat |
| 050 00 - LIBRARY OF CONGRESS CALL NUMBER | |
| Classification number | JN30 |
| Item number | .L335 2010 |
| 082 04 - DEWEY DECIMAL CLASSIFICATION NUMBER | |
| Classification number | 320.94 |
| Edition number | 22 |
| Item number | LAD |
| 100 1# - MAIN ENTRY--PERSONAL NAME | |
| Personal name | Ladrech, Robert. |
| 9 (RLIN) | 22923 |
| 245 10 - TITLE STATEMENT | |
| Title | Europeanization and National Politics / |
| Statement of responsibility, etc | Robert Ladrech. |
| 260 ## - PUBLICATION, DISTRIBUTION, ETC. (IMPRINT) | |
| Place of publication, distribution, etc | Basingstoke, Hampshire : |
| Name of publisher, distributor, etc | Palgrave Macmillan, 2010 |
| Date of publication, distribution, etc | c2010. |
| 300 ## - PHYSICAL DESCRIPTION | |
| Extent | x, 238 p. : |
| Other physical details | ill. ; |
| Dimensions | 23 cm. |
| 490 1# - Series Statement | |
| Series statement | The European Union series |
| -- | 22924 |
| 504 ## - BIBLIOGRAPHY, ETC. NOTE | |
| Bibliography, etc | Includes bibliographical references (p. 216-232) and index. |
| 610 20 - SUBJECT ADDED ENTRY--CORPORATE NAME | |
| Corporate name or jurisdiction name as entry element | European Union. |
| 9 (RLIN) | 22925 |
| 651 #0 - SUBJECT ADDED ENTRY--GEOGRAPHIC NAME | |
| Geographic name | European Union countries |
| General subdivision | Politics and government. |
| 9 (RLIN) | 22926 |
| 653 ## - INDEX TERM--UNCONTROLLED | |
| Resource For college | |
| Arrived date list | April2011 |
| 830 #0 - SERIES ADDED ENTRY--UNIFORM TITLE | |
| Uniform title | European Union series (Palgrave Macmillan (Firm)) |
| 9 (RLIN) | 22927 |
| 942 ## - ADDED ENTRY ELEMENTS (KOHA) | |
| Source of classification or shelving scheme | Dewey Decimal Classification |
| Item type | Book - Borrowing |
| Withdrawn status | Item status | Source of classification or shelving scheme | Damaged status | Not for loan | Vendor | Home library | Current library | Shelving location | Date acquired | Source of acquisition | Cost, normal purchase price | Serial Enumeration / chronology | Total Checkouts | Total Renewals | Full call number | Barcode | Date last seen | Date last borrowed | Koha item type |
|---|---|---|---|---|---|---|---|---|---|---|---|---|---|---|---|---|---|---|---|
| Dewey Decimal Classification | AUC | Central Library | Central Library | First floor | 07/04/2011 | 260.00 | 12033 | 3 | 16 | 320.94 LAD | 000023184 | 15/07/2025 | 16/10/2016 | Book - Borrowing |